000 00674nam a2200241 a 4500
005 20140310183421.0
008 070920s19uu xx 00 eng d
020 _a9789810699765
050 _aHF 5429.6
_b.C854 2006
100 _aCoughlan, Anne T.
245 _aA comprehensive study of Marketing Channels. /
_cAnne T. Coughian
250 _a7th ed.
260 _aJurong, Singapore :
_bPearson Education Asia,
_c2006.
300 _a555 p. :
_c23 cm.
521 _aBSBA
650 _aMarketing channels.
700 _aAnderson, Erin
700 _aStern, Louis W.
700 _aEl-Ansary, Adel I.
942 _cBK
_2lcc
_kFOR
999 _c22607
_d22607